|
|
|
|
| LEADER |
00000nam0a2200000 4500 |
| 001 |
297767 |
| 005 |
20231102001035.0 |
| 020 |
|
|
|a RU
|b 84-41007
|
| 035 |
|
|
|a (RuTPU)RU\TPU\book\322901
|
| 090 |
|
|
|a 297767
|
| 100 |
|
|
|a 20150611d1984 km y0rusy5003 ca
|
| 101 |
0 |
|
|a rus
|
| 102 |
|
|
|a RU
|
| 105 |
|
|
|a y z 000zy
|
| 200 |
1 |
|
|a Научно-исследовательская и творческая работа студентов вузов и учащихся средних специальных учебных заведений
|e сборник основных постановлений, приказов и инструкций
|f Научно-исследовательский институт проблем высшей школы ; под ред. В. И. Крутова
|
| 210 |
|
|
|a Москва
|c Высшая школа
|d 1984
|
| 215 |
|
|
|a 143 с.
|
| 606 |
1 |
|
|a Научно-исследовательская работа
|x Учащиеся вузов
|2 stltpush
|3 (RuTPU)RU\TPU\subj\45147
|9 64409
|
| 610 |
1 |
|
|a нормативные материалы
|
| 610 |
1 |
|
|a средние учебные заведения,
|
| 610 |
1 |
|
|a студенты
|
| 610 |
1 |
|
|a научное творчество
|
| 610 |
1 |
|
|a постановления
|
| 610 |
1 |
|
|a приказы
|
| 610 |
1 |
|
|a инструкции
|
| 686 |
|
|
|a Ч481.268
|2 rubbk
|
| 702 |
|
1 |
|a Крутов
|b В. И.
|4 340
|
| 712 |
0 |
2 |
|a Научно-исследовательский институт проблем высшей школы
|2 stltpush
|3 (RuTPU)RU\TPU\col\13672
|9 25747
|
| 801 |
|
0 |
|a RU
|b RuMRKP
|c 19950704
|g psbo
|
| 801 |
|
1 |
|a RU
|b 63413507
|c 20150611
|
| 801 |
|
2 |
|a RU
|b 63413507
|c 20190205
|g RCR
|
| 942 |
|
|
|c BK
|